000 00659nam a2200229 a 4500
001 000013229
005 20200929163154.0
008 091120s1998 ve a 001 j spa d
020 _z9800748834
040 _aDO-SdBNP
_bspa
_cBNPHU
082 _aV863.44
_bG643c
100 1 _aGonzález, Milko Luis
_930368
245 1 0 _aCuentos y otros maleficios /
_cMilko Luis González.
260 _aVenezuela :
_bFondo Editorial Toromaina,
_c1998.
300 _a160 p. :
_bil. ;
_c20 cm.
490 1 _aEsparta
650 4 _aNovela venezolana
_93962
650 4 _aLiteratura venezolana
_ySIGLO XX
_99777
830 0 _aEsparta
_930369
910 _aWM
049 _aBNGR
999 _c12861
_d12861